| 000 | 00485nam a2200181Ia 4500 | ||
|---|---|---|---|
| 999 |
_c3346 _d3346 |
||
| 003 | GBCCL | ||
| 005 | 20241126110453.0 | ||
| 008 | 171124b xxu||||| |||| 00| 0 eng d | ||
| 020 | _a9789190565868 | ||
| 040 | _cgbc | ||
| 082 |
_a262.1 _bPOO |
||
| 100 |
_aPoonen, Zac _96850 |
||
| 245 | 2 |
_aA Spiritual leader / _cZac Poonen |
|
| 260 |
_bChristian Fellowship Centre, _aBangalore: _c2001 |
||
| 300 |
_a76p.; _c20 cm. |
||
| 650 |
_aChristian leadership _91568 |
||
| 942 |
_e2ND ED _2ddc _cBK _010 |
||